Die Bankunst des Abendlandes

Bibliographic Details
Main Author: Schaefer, Karl (Author)
Format: Book
Language:Undetermined
PhysicalDescription:178 s.
Published: Laipzig B. F. Göschen`sche Berlagshandlung 1898

MARC

LEADER 00000nam a2200000 a 4500
001 vtls001307106
003 SK-MaSNL
005 20260301155732.0
008 240314s1898 xx 0 und
035 |a SNK000259378 
040 |a SNK  |b slo  |c SNK  |e AACR2 
041 0 |a und 
044 |a xx 
100 1 |a Schaefer, Karl  |4 aut  |9 520352 
245 1 4 |a Die Bankunst des Abendlandes 
260 |a Laipzig  |b B. F. Göschen`sche Berlagshandlung  |c 1898 
300 |a 178 s. 
958 |a ONDV 
999 |c 802438  |d 804368 
952 |t P60, <04>, [BOOK], {604}  |a SNK  |b SNK  |y VYP  |7 0  |p 17A0104620  |o snkID 66517  |0 0  |1 0  |4 0  |d 1997-10-22  |l 0  |r 2005-01-02 00:00:00  |w 2026-02-24